| Tag |
First Indicator |
Second Indicator |
Subfields |
| LEADER |
00000cam a2200000Ii 4500 |
| 001 |
in00004446421 |
| 008 |
200403t20212021sz ach bc 000 0deng d |
| 005 |
20250318223742.0 |
| 019 |
|
|
|a 1151894643
|
| 020 |
|
|
|a 9783906915593
|
| 020 |
|
|
|a 390691559X
|q (hardcover)
|
| 035 |
|
|
|a (OCoLC)on1151895896
|
| 035 |
|
|
|a (OCoLC)1151895896
|z (OCoLC)1151894643
|
| 040 |
|
|
|a ERASA
|b eng
|e rda
|c ERASA
|d YDX
|d OCLCO
|d JPG
|
| 050 |
|
4 |
|a ND237.A246
|b A4 2021
|
| 082 |
0 |
4 |
|a 759.13
|2 23
|
| 245 |
0 |
0 |
|a Rita Ackermann :
|b mama /
|c with contributions by Gianni Jetzer, Harmony Korine, Scott Griffin ; and a poem by Rita Ackermann.
|
| 246 |
3 |
|
|a Mama
|
| 264 |
|
1 |
|a [Zurich] :
|b Hauser & Wirth Publishers,
|c [2021]
|
| 264 |
|
2 |
|a Köln :
|b Buchhandlung Walther König ;
|a New York, NY :
|b Artbook/D.A.P.
|
| 264 |
|
4 |
|c ©2021
|
| 300 |
|
|
|a 170 pages :
|b illustrations (chiefly color), facsimiles, portrait ;
|c 30 cm
|
| 336 |
|
|
|a text
|b txt
|2 rdacontent
|
| 336 |
|
|
|a still image
|b sti
|2 rdacontent
|
| 337 |
|
|
|a unmediated
|b n
|2 rdamedia
|
| 338 |
|
|
|a volume
|b nc
|2 rdacarrier
|
| 500 |
|
|
|a Catalog of an exhibition held at Hauser & Wirth, New York, February 20-April 11, 2020 and at Hauser & Wirth, Zurich, September 12-November 22, 2020.
|
| 504 |
|
|
|a Includes bibliographical references.
|
| 520 |
8 |
|
|a This book brings together Rita Ackermann's "Mama" paintings, a selection of which will be on view in early 2020 at Hauser & Wirth New York, 22nd Street. It brings together screenwriter and filmmaker Harmony Korine's fake interview with Ackermann, a tribute addressed to the artist from Scott Griffin that explores Ackermann's interplay of time and medium, an original poem written by the artist, and a robust plate section that presents all of the "Mama" works made to date. Exhibition: Hauser & Wirth, New York, USA (20.02.-11.04.2020).
|
| 600 |
1 |
0 |
|a Ackermann, Rita
|v Exhibitions.
|
| 650 |
|
0 |
|a Painting, Abstract
|y 21st century
|v Exhibitions.
|
| 700 |
1 |
|
|a Griffin, Scott,
|e contributor.
|
| 700 |
1 |
|
|a Jetzer, Gianni,
|e contributor.
|
| 700 |
1 |
|
|a Korine, Harmony,
|e contributor.
|
| 700 |
1 |
2 |
|a Ackermann, Rita.
|t Paintings.
|k Selections.
|
| 710 |
2 |
|
|a Hauser & Wirth New York,
|e host institution.
|
| 710 |
2 |
|
|a Galerie Hauser & Wirth,
|e host institution.
|
| 852 |
8 |
|
|b pda,print
|z This title is available for the library to purchase for your use. Click the "Purchase It For Me" button to place a request. This item may take 5-10 business days to arrive.
|
| 955 |
|
|
|a Print PDA title
|
| 999 |
f |
f |
|s bde82b74-82c4-4a56-81cf-1e8be558b28d
|i 14385f02-56b3-38fa-ba7c-e855d410062f
|t 0
|
| 952 |
f |
f |
|a Texas A&M University
|b College Station
|c Sterling C. Evans Library
|d Purchase on Demand
|t 0
|e ND237.A246 A4 2021
|h Library of Congress classification
|
| 998 |
f |
f |
|a ND237.A246 A4 2021
|t 0
|l Purchase on Demand
|